[Event "Norway Chess 2nd"]
[Site "Stavanger"]
[Date "2014.06.10"]
[Round "7"]
[White "Giri, Anish"]
[Black "Karjakin, Sergey"]
[Result "0-1"]
[WhiteElo "2752"]
[BlackElo "2771"]
[Annotator "Negi,P"]
[PlyCount "262"]
[EventDate "2014.06.03"]
[EventType "tourn"]
[EventRounds "9"]
[EventCountry "NOR"]
[EventCategory "21"]
[SourceTitle "CBM 161"]
[Source "ChessBase"]
[SourceDate "2014.07.16"]
[SourceVersion "1"]
[SourceVersionDate "2014.07.16"]
[SourceQuality "1"]

1. Nf3 Nf6 2. c4 c5 3. Nc3 Nc6 4. g3 d5 5. cxd5 Nxd5 6. Bg2 Nc7 7. a3 $5 {
Specifically aimed against Black's ...e5, I think this move should gain a
bigger following after this event. Even though Karjakin won both the games
with Black... it was certainly not because of the opening.} (7. O-O e5 {
is the traditional main line.} 8. d3 (8. a3 Rb8 (8... f6 9. e3) 9. Rb1 Be7 10.
b4 cxb4 11. axb4 b5 $5 {A} 12. d3 O-O 13. Be3 Be6) 8... Be7 9. Nd2 Bd7 ({
Recently, Jakovenko preferred to allow Bxc6:} 9... O-O {so maybe it has some
point as well.} 10. Nc4 ({A classic example of what can go wrong was} 10. Bxc6
bxc6 11. Nc4 Bh3 $2 (11... f6 $142) 12. Nxe5 $1 Bf6 13. Nxc6 Qd7 14. Na5 Bxf1
15. Qxf1 Rab8 16. Nd1 Rfe8 17. Nc4 Nd5 18. Be3 Nxe3 19. fxe3 Re6 20. Rc1 Ra6
21. a3 h5 22. Qf4 Re8 23. Nf2 $14 {1-0 (46) Ramirez,A (2595)-Molner,M (2522)
Saint Louis 2014}) 10... f6 11. Bxc6 bxc6 12. Qa4 Bd7 $5 (12... Bh3 {seems to
give White a pleasant position after} 13. Qxc6 Bxf1 14. Kxf1 Qc8 15. Be3 Ne6
16. Nd5 Rf7 17. Qxc8+ Rxc8 18. Rc1 Bf8 {even though eventually Black got a
draw in Pantsulaia,L (2556)-Edouard,R (2670) Dubai 2013}) 13. Qa5 Bh3 14. Re1
Qd7 {and we had a very tense, but instructive struggle in the following game:}
15. Be3 Ne6 16. Rac1 Rab8 17. b3 Rfe8 18. f3 Bf5 19. Na4 Rb4 20. Bd2 Bd8 21.
Qa6 Rb5 22. Nc3 Rb8 23. Ne4 Bg6 24. Be3 Be7 25. Qa5 Bf7 26. Qc3 Nd4 27. Kg2 Bf8
28. g4 Bd5 29. Kf2 Kh8 30. Rg1 h6 31. Nb2 f5 32. gxf5 Qxf5 33. Rg4 Qh5 34. Rh1
Be7 $1 35. Nc4 Rf8 $17 {0-1 (38) Pantsulaia,L (2606)-Jakovenko,D (2723)
Yerevan 2014}) 10. Nc4 f6 11. f4 b5 {but this line is another question
entirely.}) 7... g6 (7... e5 {is still the most popular move, but it allows
the very annoying:} 8. b4 f6 (8... cxb4 9. axb4 Bxb4 10. Nxe5 $1 {is unpleasant
}) 9. Rb1 cxb4 (9... Bf5 10. Rb2 $1) 10. axb4 a6 11. O-O Be7 (11... Nb5 12. Bb2
) 12. b5 axb5 13. Nxb5 Nxb5 14. Rxb5 O-O (14... e4 15. Nh4 $1 (15. Ne1 Nd4 16.
Rb1 Bg4 17. f3 Bd7 $1 {1/2-1/2 (38) Flores,D (2594)-Krysa,L (2411) Buenos
Aires 2013}) 15... Nd4 16. Rb1 Bg4 17. f3 $14) 15. d3 Ra5 16. Qb3+ Kh8 17. Be3
Be6 18. Qb1 $14 {with a typical plus, Meier,G (2641)-Timofeev,A (2677) Havana
2009}) ({Another example of White's idea:} 7... Rb8 8. b4 $1 cxb4 9. axb4 b5
10. O-O e6 11. Bb2 Bb7 12. Ne4 Nxb4 13. Qb1 $1 a6 14. Rc1 Nbd5 15. h4 Rc8 16.
h5 h6 17. Ne5 Rg8 18. Nc5 $18 {Wang,Y (2723)-Nepomniachtchi,I (2721) Beijing
2013}) 8. h4 {Of course, the critical move.} h6 (8... h5 {I am not certain
right away what's wrong with this, but this is usually never a favourite move
of Black.}) 9. d3 Bg7 10. Be3 (10. O-O {was faced by Karjakin again in the
tournament, in the critical last round against Caruana.}) 10... Ne6 11. O-O (
11. Na4 {seems worrying since b6 can be met by h5! but} Bd7 $1 12. O-O (12. Rc1
b6 13. b4 cxb4 14. d4 bxa3 15. d5 O-O $1 {and Black is doing well again.}) (12.
Nxc5 Nxc5 13. Bxc5 Bxb2 {isn't very worrying for Black:} 14. Be3 (14. Rb1 Qa5+
15. Nd2 Bg7 $11) 14... Bxa1 15. Qxa1 f6 {1/2-1/2 (33) Lie,K (2474)-Khalifman,A
(2669) Drammen 2005}) 12... b6 (12... O-O 13. Nxc5 Nxc5 14. Bxc5 Bxb2 15. Rb1)
13. b4 Ned4 $1 (13... Bxa1 14. Qxa1) (13... cxb4 14. d4 $5) 14. Nxd4 cxd4 $11)
11... O-O (11... Bd7 $5 {would transpose to Caruana-Karjakin, - with the
intention of being able to meet Na4 with ...b6 I presume, since the c6-knight
won't be hanging.}) 12. Na4 Ncd4 (12... b6 13. h5 $1 g5 $140 {if not this,
then Black just seems to have a lousy position.} 14. Nxg5 {is the typical idea.
}) ({Since White has already 0-0} 12... Bd7 {doesn't work anymore.} 13. Nxc5
Nxc5 14. Bxc5 Bxb2 15. Rb1 $16) 13. Rc1 {Black has to play unpleasant moves to
hang on to the pawn...} Qd6 14. Nd2 $1 Bd7 (14... f5 15. Nc4 $14) 15. Bxd4 Qxd4
(15... cxd4 16. Bxb7 $16) 16. Nc3 Rab8 17. Nc4 {White has regrouped everything
rather nicely, while Black's queen on d4 is very awkward... so he had to
accept a worse structure after} Bc6 (17... Nc7 18. Ne4 $1 {the queen is still
in trouble.}) 18. Bxc6 bxc6 19. e3 Qd7 20. Qc2 $14 {Now White can play on for
a long time, which is precisely what Anish was doing...} Rfd8 21. Rfd1 h5 22.
Qe2 Rb3 23. Na5 Rb6 24. Rc2 Qc7 25. Nc4 Rb3 26. Nd2 Rb7 27. Nc4 Rb3 28. Rdc1
Rb7 29. Rd2 Rb3 30. Qd1 Rdb8 31. Ne4 Qd8 32. Nc3 Qc7 33. Kg2 Qd8 34. Rdc2 R3b7
35. Qe2 Rd7 36. Rd2 Rb3 37. Qd1 Rdb7 38. Qf3 Qd7 39. Rcc2 Rb8 40. Qd1 Qd8 {
There has been almost no change in the position, and now even the time control
has been reached! But it's very clear who is trying here... Black is just
hanging on to his position, and preventing White's ideas.} 41. Kh2 Nf8 42. Ne4
Ne6 43. Kg1 R8b7 44. Kh2 Rd7 45. Nc3 Rdb7 46. Qf3 Qc7 47. Ne2 {A different
square finally... but things don't change much yet. White has ideas like Nc1,
but no clearly different plan:} Rb8 48. Qe4 Rd8 49. Nc3 Nf8 50. Kg2 Rdb8 51.
Na4 R3b5 (51... Ne6 52. f4 $1 {and suddenly f4-f5 is impossible to prevent.
Everything looks very similar, but the queen on e4 is nice!}) 52. Rd1 (52. f4
e6 (52... f5 53. Qf3 $14) 53. d4 cxd4 54. exd4 {is an interesting suggestion
by the computer, but of course its not what you want to do in a game.}) (52. g4
$5 {seems the kind of move I might play.}) 52... Bf6 53. Rb1 Nd7 54. Rh1 {
Anish is preparing g4, but this is too slow, and perhaps he missed the fact
that Black can finally change something:} Nb6 $5 {It is not easy to hang out
on to the nice structure anymore... but in return the b5-rook is a bit awkward
after} 55. Naxb6 axb6 56. Rb1 $5 {I don't know if the exchange on b6 favours
White or Black - but once again we have a strategically very tense position,
and both sides resume their trench warfare:} Qd7 57. b3 $1 {Roping off the
b5-rook.} Rd8 58. Rd2 {It's not easy to make moves here in a practical game of
course... Black tries to just keep his position intact:} Bc3 59. Rdd1 Bf6 60.
Kg1 Qc8 61. Kf1 Rd5 62. Ke2 Qd7 63. Qf3 Qe6 64. Qg2 Qg4+ 65. f3 Qe6 66. f4 Bg7
67. Qf3 Qh3 68. Rh1 Qd7 69. e4 Rd4 70. Rhd1 Qh3 71. Rh1 Qd7 72. Rhf1 {And
Anish has actually managed to accomplish a great deal without doing anything
spectacular! The rook on b5 is still stuck, and now White's creating threats
like f4-f5, which made Karjakin make the ugly decision of allowing his bishop
to be absolutely blockaded:} f5 $1 73. e5 e6 {But it has a point - now the
kingside is blockaded as well, and White doesn't have many areas to create a
point of entry.} 74. Rfd1 Qb7 75. a4 {And it's time to finally pick up the
material.} Ra5 (75... Rb4 76. Na3 $16) 76. Nxa5 bxa5 {At first White's
position looks great, but it must have come as an unpleasant surprise when
White realised that he cannot break through...} 77. Rdc1 Bf8 78. Rc3 Kf7 79.
Qh1 Ke8 80. Rc4 Kd7 81. Qe1 Qb6 82. Qc3 Be7 {A strange, but impressive
fortress... nothing much changes in the next moves as Anish embarks on another
prolonged stretch of manoeuvring:} 83. Rc1 Rd5 84. Qc2 Kc7 85. Rd1 Rd4 86. Qa2
Rd5 87. Rdc1 Kb7 88. Qa3 Qd8 89. Rd1 Rd4 90. Qc1 Qd5 91. Kf2 Qd8 92. Qc3 Qb6
93. Ke2 Kc7 94. Rd2 Kb7 95. Kd1 Kc7 96. Kc2 Bf8 97. Kb1 Be7 98. Ka2 Bf8 99. Rd1
Be7 100. Rc1 Bf8 101. Qd2 Be7 102. R1c3 Bf8 103. Qf2 Kb7 104. Qg2 Be7 105. Qh1
Bf8 106. Qf1 Be7 107. Rc2 Bf8 108. Rd2 Be7 109. Qf2 Rd5 110. Qf3 Rd4 111. Rdc2
Bf8 112. R2c3 Be7 113. Qh1 Bf8 {Probably worrying about the 50 move rule,
White decides to try another plan... after all White can't lose, right?} 114.
Rxd4 cxd4 115. Rc4 Bb4 $1 116. g4 $1 {The only breakthrough remaining...} hxg4
117. h5 gxh5 118. Qxh5 c5 119. Qf7+ Ka6 120. Rc2 {Now, it's like 120.Qd7, but
White doesn't even win the e6-pawn.} ({Actually, it seems he almost achieved
his aim...after the strong} 120. Qd7 {Black needs to find} Qb7 $1 (120... Bc3
121. Qc8+ Qb7 122. Rxc5 Qxc8 123. Rxc8 Kb7 124. Re8 Bd2 125. Rxe6 Bxf4 126. b4
$1 axb4 127. Kb3 $18 {and Black's double passed pawns mean nothing}) 121. Qxe6+
Ka7 122. Rc2 $1 Bc3 123. Qxf5 Qh1 124. Qf7+ Kb8 125. Qf8+ Kb7 {and White
doesn't seem to have more than a draw.}) 120... Qc6 121. Qg6 c4 $5 122. Rxc4
Qg2+ 123. Kb1 {Now a draw seems inevitable... I don't know who was being more
ambitious here:} Qf1+ 124. Rc1 Qxd3+ 125. Ka2 Qe2+ 126. Kb1 Qe4+ 127. Ka2 Qg2+
128. Ka1 Qd5 129. Ka2 Qg2+ 130. Kb1 Qd5 131. Rc4 $4 {Ah so careless...
tiredness has its effect. I feel tired even commenting on this game...} Bc3 $1
{Mate is inevitable.} 0-1

[Event "Norway Chess 2nd"]
[Site "Stavanger"]
[Date "2014.06.13"]
[Round "9"]
[White "Caruana, Fabiano"]
[Black "Karjakin, Sergey"]
[Result "0-1"]
[WhiteElo "2791"]
[BlackElo "2771"]
[Annotator "Negi,P"]
[PlyCount "102"]
[EventDate "2014.06.03"]
[EventType "tourn"]
[EventRounds "9"]
[EventCountry "NOR"]
[EventCategory "21"]
[SourceTitle "CBM 161"]
[Source "ChessBase"]
[SourceDate "2014.07.16"]
[SourceVersion "1"]
[SourceVersionDate "2014.07.16"]
[SourceQuality "1"]

1. Nf3 Nf6 2. c4 c5 3. Nc3 Nc6 4. g3 d5 5. cxd5 Nxd5 6. Bg2 Nc7 7. a3 g6 8. h4
h6 9. d3 Bg7 10. O-O ({I prefer the move order of} 10. Be3 {just to make Black
commit to ...Ne6 or ...Nd4.} Ne6 (10... b6 {isn't possible due to} 11. h5 $1 g5
12. Nxg5 $16) (10... Nd4 11. Rc1 $5 O-O 12. b4 $14) 11. O-O {was the move
order preferred by Anish. I think Karjakin probably planned to go 11...Bd7
here anyway, therefore transposing to this game.}) 10... Bd7 $5 {Anish had
managed to put Karjakin under serious pressure in round 7, so this time
Karjakin tries to make a logical change. Black's idea is to defend the
c6-knight, so Black can easily meet h5 with ...g5 without the constant worry
of Nxg5.} (10... O-O 11. Be3 Nd4 $5 {seems an interesting improvement allowed
by the 10. 0-0 move order. But perhaps I'm missing some subtlety?} (11... Ne6 {
would transpose to the Giri-Karjakin game}) 12. Rc1 Bg4 13. Nd2 Qd7 $13) 11.
Be3 Ne6 12. Rb1 {This seems to be a bit slow - White doesn't make take
advantage of Black's awkward pieces and incomplete development...} (12. Ne4 $5
$146 b6 (12... Ncd4 13. Nxc5 $1 Nxc5 14. Bxd4 Ba4 15. Qd2 Bxd4 16. Qb4 $1 $16 {
winning back the piece}) 13. b4 $1 {The critical position. Of course, there's
a lot more to explore here... but it doesn't seem to be an easy task for Black
at first:} O-O $5 (13... f5 14. Ned2 O-O 15. Rc1 f4 16. gxf4 Nxf4 17. Bxf4 Rxf4
18. bxc5 $14) (13... Bxa1 14. Qxa1 {should always be very dangerous.} f6 15.
bxc5 bxc5 16. Rc1 $44) (13... cxb4 14. d4 (14. axb4) 14... Nc7 (14... b3 15. d5
$16) 15. h5 $1 g5 16. d5 Bf5 17. Nd4 $16) 14. bxc5 (14. Qd2 $5) (14. Rc1 cxb4
15. axb4 (15. d4 bxa3 16. d5 Na5 $13) 15... Ncd4 $132 (15... Nxb4 16. Qd2 $14))
14... f5 15. Ned2 f4 16. gxf4 Bxa1 17. Qxa1 Nxf4 18. Bxf4 Rxf4 19. Ne5 $44)
12... Rc8 13. Ne4 b6 14. b4 cxb4 15. axb4 Ncd4 $1 {Now Black gets an ideal
setup.} 16. Bxd4 $5 {An interesting idea. Giving up the bishop doesn't seem a
nice decision, but White tries to blockade the dark-squared bishop and
continue with slow manoeuvring...} Nxd4 17. Nxd4 Bxd4 18. e3 Bg7 19. b5 O-O 20.
d4 Rc7 (20... e5 {seems a fairly simple way to maintain the equality but Black
was possibly worried about} 21. dxe5 (21. h5 $5) 21... Bxe5 22. h5 {When he
might have to allow hxg6 - fxg6 which doesn't look nice from a human
perspective.} g5 23. f4 $14) 21. f4 $5 {White's structure looks extrememly
unusual... but he's at least creating a lot of fight.} Qc8 22. Rb2 {Another
unusual, but interesting way to fight for the c-file.} (22. h5 Bg4 23. Bf3 gxh5
$15) 22... Rd8 (22... Bh3 {exchanging these bishops seems to be in Black's
favour, although it's hard to say what's going on after} 23. Bxh3 Qxh3 24. Qf3
Rfc8 25. Nf2 {/\ kingside advances, although Black should be ok of course.})
23. Kh2 Be6 24. Rff2 {White continues to follow his plan.} Bf5 {I'm not really
sure about the idea behind this move... it seems like Black was struggling to
find a proper plan... while White's unusual regrouping seems to be working!}
25. Rbc2 a5 $5 {Finally, creating some counterplay... but surprisingly, after
a few aimless moves, it's Black who has to struggle to equalise:} 26. Qc1 {
Being ambitious} (26. bxa6 Rxc2 27. Rxc2 Qxa6 {Black should be able to
equalise due to his activity.}) 26... Rxc2 27. Rxc2 Qb8 28. Rc6 $1 {/\ Nc3.
Black's position is almost on the edge... but he has:} Bd7 $1 29. Nc3 $1 e6 {
Just in time.} 30. Rc4 {White still continues to manoeuvre around with a
rather pleasant bind on the position.} Bf8 31. Bc6 $14 Qd6 (31... Be7 32. Bxd7
Rxd7 33. Rc6 $14 {will be continuous suffering.}) 32. Na4 $2 {A careless
mistake... White was just ready to start squeezing in the efforts of his
excellent play, instead, he gives it all away:} (32. Bxd7 Qxd7 33. Rc6 Bb4 $1
34. Rxb6 Qc7 35. Rc6 Qb7 {would give Black enough play to equalise.}) (32. Ne4
$1 Qe7 33. Bxd7 Rxd7 34. Rc6 {Caruana probably did not want to allow} a4 {
but it's not such a big deal.} 35. Rxb6 Rc7 (35... Ra7 36. Rb8 a3 37. b6 $1 $18
) (35... a3 36. Ra6 $16) 36. Rc6 $14) 32... Bxc6 33. Rxc6 Qb4 $1 {The sudden
turning of the tables couldn't have been easy to deal with... and Caruana
fails to hold on to his position.} 34. Nc3 (34. Nxb6 Qxb5 $15 {is pretty
one-sided. Now the open white king is a real liability.}) 34... a4 $1 35. Qc2
a3 36. Rxb6 Rc8 37. Rc6 Rxc6 38. bxc6 Qc4 $1 {It is not so easy to realise
that White is just lost here.} 39. c7 Qxc7 40. Qb3 Qa5 {All that enterprising
play in the early part of the game now comes back to haunt White... these
pawns will be just too easy to pick up.} 41. Qc2 Qb4 42. Na4 Qe1 43. Nc5 Qxe3
44. Nd7 Qxd4 45. Qc8 Qb4 46. Nf6+ Kg7 47. Ne8+ Kh8 48. Qc7 Qe7 49. Qe5+ f6 50.
Nxf6 Bg7 51. Qb8+ Qf8 0-1

[Event "SUI-chT"]
[Site "Switzerland"]
[Date "2001.09.09"]
[Round "7.4"]
[White "Pelletier, Yannick"]
[Black "Adler, Joel Arturo Manuel"]
[Result "1-0"]
[WhiteElo "2548"]
[BlackElo "2312"]
[Annotator "Pelletier,Y"]
[PlyCount "62"]
[EventDate "2001.03.04"]
[EventType "team-tourn"]
[EventRounds "9"]
[EventCountry "SUI"]
[SourceTitle "EXT 2002"]
[Source "ChessBase"]
[SourceDate "2001.11.25"]
[SourceVersion "1"]
[SourceVersionDate "2001.11.25"]
[SourceQuality "1"]
[WhiteTeam "Biel"]
[BlackTeam "Bern"]
[WhiteTeamCountry "SUI"]
[BlackTeamCountry "SUI"]

1. Nf3 c5 2. c4 Nf6 3. Nc3 b6 4. e4 Bb7 $6 {Den folgenden Zug sollte Schwarz
besser mittels 4...d6 verhindern, da er nun ohne sichtlichen Ersatz Raum
einbüsst. Auch leidet er dann unter Entwicklungschwierigkeiten.} 5. e5 Ng8 6.
d4 Bxf3 (6... cxd4 7. Qxd4) 7. gxf3 $5 ({Die automatische Rücknahme mit der
Dame führte ebenfalls zum Vorteil, aber der Textzug ist anspruchsvoller.} 7.
Qxf3 Nc6 8. dxc5 (8. d5 Nxe5 9. Qg3 d6 10. f4 Nd7 11. Bd3 $44) 8... bxc5 9. Qe4
$36 {/+=}) 7... cxd4 ({Ich betrachtete} 7... Nc6 {nicht ernsthaft, da mir die
Folge} 8. d5 Nxe5 9. f4 Ng6 10. f5 {klar erschien. Leider gewinnt Weiss keine
Figur und muss sich mit der Bewertung "aussichtsreiche Kompensation" begnügen,
z.B:} Nh4 11. Qg4 (11. Qh5 g5 $1) 11... e6 12. fxe6 ({natürlich nicht} 12. Bg5
$4 Qxg5 13. Qxg5 Nf3+) 12... dxe6 13. dxe6 fxe6 14. Nb5 $36) 8. Qxd4 Nc6 9. Qe4
e6 (9... g6 {ändert wenig zur Problematik des Bauern d7.}) 10. f4 Bb4 11. Bd2
Bxc3 ({Auch nach} 11... Nge7 12. O-O-O a6 (12... O-O 13. Nb5 $16) 13. Bh3 {
(/\ f5), gerät der Nachziehende in Bedrängnis.}) 12. Bxc3 Nge7 13. O-O-O {
[%csl Rd6,Rd7][%cal Gd1d8]} Rc8 14. Kb1 Qc7 15. Be2 ({Etwas flexibler als} 15.
Bh3 g6 {oder}) (15. h4 h5) 15... Nf5 16. Rd2 O-O 17. h4 $5 {Mit diesem Zug
beabsichtigte ich keinen Angriff, denn der schwarze Königsflügel ist solide
genug. Aber mir schien es nützlich, auf diesem Brettteil zunächst Raum zu
gewinnen. Mir war übrigens auch ganz klar, dass dieser Vorstoss im Endspiel
gegen mich spielen könnte, da Schwarz die Bildung eines Freibauern einfacher
realisieren könnte.} Rfd8 18. h5 Nce7 ({Die Alternative} 18... Na5 $6 19. b3 b5
$6 20. c5 Nb7 21. b4 a5 22. a3 axb4 23. axb4 $16 d5 $140 24. exd6 Nbxd6 25. Qe5
Nc4 26. Bxc4 Qxe5 27. fxe5 bxc4 28. Rhd1 $18 {illustriert die schwarze
Unmächtigkeit, aktives Spiel zu erlangen.}) (18... h6 19. Rhd1 $36) 19. Rhd1
Kf8 $6 {Joël möchte seinen König nach e8 überführen, um den Bauern d7 zu
decken, und dann den Damentausch mittels Qc6 anzubieten. Doch Weiss kann diese
Idee auf taktische Weise durchkreuzen.} ({Besser waren} 19... a5 20. Qc2 $5 (
20. b3 b5 $132) 20... h6 21. Qa4) ({oder} 19... h6 20. Bb4 {, obwohl Weiss in
beiden Fällen das Geschehen kontrolliert.}) 20. Bb4 $1 ({Nach der Partie wies
mein Gegner auf die Möglichkeit} 20. Rd6 $5 {auf, die ebenfalls unangenehm
gewesen wäre.}) 20... Ke8 21. Bxe7 $1 Kxe7 (21... Nxe7 22. Qxh7 Nf5 23. Bd3)
22. Bg4 Nh6 ({Nach} 22... g6 {spricht die gefährdete Stellung des Königs im
Zentrum:} 23. Bxf5 exf5 (23... gxf5 24. Qh1 Qxc4 25. Qh4+ Kf8 26. Rg1 $18) 24.
Qh1 $1 Qxc4 25. hxg6 hxg6 26. Qh4+ Ke8 27. a3 $1 {(ein wichtiger Zug für die
Sicherheit des eigenen Königs)} Qe4+ 28. Ka1 Rc6 29. Rd6 $18) (22... Qxc4 23.
Bxf5 exf5 24. Qxf5 $40) 23. Qxh7 $1 Qxc4 ({Nach} 23... Nxg4 {sammelt Weiss
eine ganze Reihe Bauern:} 24. Qxg7 Rg8 25. Rxd7+ Qxd7 26. Rxd7+ Kxd7 27. Qxf7+
Kc6 28. Qxe6+ Kb7 29. h6 (29. f5 $18) 29... Nxf2 30. h7 $18) 24. Rd4 $2 ({
Ich verpasste hier eine primitive taktische Einzelheit. Leicht gewonnen hätte} 
24. Qxg7 Qe4+ (24... Qxf4 25. Rd4) 25. Rd3 Qxf4 (25... Nxg4 $142 26. Qxg4 $16)
26. Rd4 Rc1+ ({auf} 26... Rg8 {entging mir einfach} 27. Qxg8) 27. Rxc1 Qxd4 28.
Qxh6 Qxg4 29. Qf6+ Ke8 30. h6 $18) 24... Qc6 25. Bh3 $6 ({Um den Angriff zu
bewahren, musste} 25. f3 {kommen:} Rc7 26. a3 Rg8 (26... Kf8 27. Rg1 $1) 27. f5
$1 $40) 25... Qf3 $1 26. Qxg7 Qxh3 (26... Qxh5 $2 27. Bxe6 $18) 27. Qf6+ Ke8
28. Qxh6 Qf5+ {[%csl Gf5] Nur wurde mir klar, dass meine Dame ausser Spiel ist,
während die schwarze Königin einen kräftigen Posten einnimmt.} 29. Ka1 Rc2 30.
R4d2 Rxd2 $2 ({Es war notwendig, den aktiven Turm zu behalten, aber Joël
pochte auf seinen nächsten Zug ... Nach} 30... Rc4 {[%csl Gc4,Rf4] wäre es
nicht leicht gewesen, den Weg zum Vorteil zu entdecken. Dieser lautet} 31. Rd4
(31. Rg1 Ke7 32. Qg5+ Qxg5 33. fxg5 Re4 {mit wahrscheinlichem Remis}) 31... Rc2
32. Qg7 Rxf2 (32... Qxh5 33. Qg8+ Ke7 34. Qg3 $1 $40 {/\ Qa3}) 33. h6 Rh2 {
(/\Qg6)} 34. Rg1 Ke7 35. Rc4 $1 {[%csl Rd8]} (35. a3 Rc8 $132) 35... b5 36. Qg3
$1 $16) 31. Rxd2 Rc8 $2 {und bevor ich meine Dame auf h8 stellen konnte, gab
Schwarz auf.} (31... d5 32. Qg5 Qe4 (32... Qxg5 33. fxg5 {/\ f4 +-}) 33. Rd1
$16 {/+-}) 1-0